<?xml version="1.0" encoding="UTF-8"?>
<record
    xmlns:xsi="http://www.w3.org/2001/XMLSchema-instance"
    xsi:schemaLocation="http://www.loc.gov/MARC21/slim http://www.loc.gov/standards/marcxml/schema/MARC21slim.xsd"
    xmlns="http://www.loc.gov/MARC21/slim">

  <leader>01013nam a22002297a 4500</leader>
  <datafield tag="999" ind1=" " ind2=" ">
    <subfield code="c">331916</subfield>
    <subfield code="d">331916</subfield>
  </datafield>
  <controlfield tag="003">NUST</controlfield>
  <controlfield tag="005">20190228104741.0</controlfield>
  <controlfield tag="008">171102b        xxu||||| |||| 00| 0 eng d</controlfield>
  <datafield tag="020" ind1=" " ind2=" ">
    <subfield code="a">9789694163932</subfield>
    <subfield code="c">Hbk</subfield>
  </datafield>
  <datafield tag="038" ind1=" " ind2=" ">
    <subfield code="a">Arshad</subfield>
  </datafield>
  <datafield tag="040" ind1=" " ind2=" ">
    <subfield code="c">NUST</subfield>
  </datafield>
  <datafield tag="082" ind1=" " ind2=" ">
    <subfield code="a">200.1</subfield>
    <subfield code="b">EAT</subfield>
  </datafield>
  <datafield tag="100" ind1=" " ind2=" ">
    <subfield code="a">Eaton, Gai ( &#x1E24;asan &#x2BB;Abdul&#x1E25;ak&#x12B;m)</subfield>
    <subfield code="9">5840</subfield>
  </datafield>
  <datafield tag="245" ind1=" " ind2=" ">
    <subfield code="a">M&#x12B;r s&#x101;m&#x101;n-i vaj&#x16B;d:</subfield>
    <subfield code="b">jah&#x101;n sar&#x101;&#x2BC;e hast&#x12B; mein&#x332; ins&#x101;n&#x12B; ik&#x332;h&#x332;tiy&#x101;r aur zimmahd&#x101;r&#x12B; /</subfield>
    <subfield code="c">Gai Eaton [i.e.] &#x1E24;asan &#x2BB;Abdul &#x1E24;ak&#x12B;m ; tarjumah, Mu&#x1E25;ammad Suhail &#x2BB;Umar, N'am&#x101;nah &#x2BB;Umar.</subfield>
  </datafield>
  <datafield tag="260" ind1=" " ind2=" ">
    <subfield code="a">Lahore:</subfield>
    <subfield code="b">Iqbal academy Pakistan,</subfield>
    <subfield code="c">2007</subfield>
  </datafield>
  <datafield tag="300" ind1=" " ind2=" ">
    <subfield code="a">144 p.</subfield>
  </datafield>
  <datafield tag="650" ind1=" " ind2=" ">
    <subfield code="a">Iqbaliyat</subfield>
    <subfield code="9">81</subfield>
  </datafield>
  <datafield tag="880" ind1=" " ind2=" ">
    <subfield code="6">100-01\(3\r</subfield>
    <subfield code="a">&#x62D;&#x633;&#x646; &#x639;&#x628;&#x62F; &#x627;&#x644;&#x62D;&#x6A9;&#x6CC;&#x645;</subfield>
  </datafield>
  <datafield tag="880" ind1=" " ind2=" ">
    <subfield code="6">245-02\(3\r</subfield>
    <subfield code="a">&#x645;&#x6CC;&#x631; &#x633;&#x627;&#x645;&#x627;&#x646; &#x648;&#x62C;&#x648;&#x62F;:</subfield>
    <subfield code="b">&#x62C;&#x6BE;&#x627;&#x6BA; &#x633;&#x631;&#x627;&#x626;&#x6D2; &#x6BE;&#x633;&#x62A;&#x6CC; &#x645;&#x6CC;&#x6BA; &#x627;&#x646;&#x633;&#x627;&#x646;&#x6CC; &#x627;&#x62E;&#x62A;&#x6CC;&#x627;&#x631; &#x627;&#x648;&#x631; &#x630;&#x645;&#x6C1; &#x62F;&#x627;&#x631;&#x6CC;</subfield>
    <subfield code="c">&#x62A;&#x631;&#x62C;&#x645;&#x6C1;: &#x645;&#x62D;&#x645;&#x62F; &#x633;&#x6BE;&#x6CC;&#x644; &#x639;&#x645;&#x631;&#x60C; &#x646;&#x639;&#x645;&#x627;&#x646;&#x6C1; &#x639;&#x645;&#x631;</subfield>
  </datafield>
  <datafield tag="880" ind1=" " ind2=" ">
    <subfield code="6">260-03\(3\r</subfield>
    <subfield code="a">&#x644;&#x627;&#x6C1;&#x648;&#x631;:</subfield>
    <subfield code="b">&#x627;&#x642;&#x628;&#x627;&#x644; &#x627;&#x6A9;&#x627;&#x62F;&#x645;&#x6CC; &#x67E;&#x627;&#x6A9;&#x633;&#x62A;&#x627;&#x646;&#x60C;</subfield>
    <subfield code="c">2007</subfield>
  </datafield>
  <datafield tag="942" ind1=" " ind2=" ">
    <subfield code="2">ddc</subfield>
    <subfield code="c">BK</subfield>
  </datafield>
  <datafield tag="952" ind1=" " ind2=" ">
    <subfield code="0">0</subfield>
    <subfield code="1">0</subfield>
    <subfield code="2">ddc</subfield>
    <subfield code="4">0</subfield>
    <subfield code="7">0</subfield>
    <subfield code="a">CL</subfield>
    <subfield code="b">CL</subfield>
    <subfield code="c">CART</subfield>
    <subfield code="d">2017-11-02</subfield>
    <subfield code="l">1</subfield>
    <subfield code="o"> 928.91439 EAT</subfield>
    <subfield code="p">CL2162</subfield>
    <subfield code="r">2022-09-21</subfield>
    <subfield code="s">2022-09-20</subfield>
    <subfield code="t">1</subfield>
    <subfield code="w">2017-11-02</subfield>
    <subfield code="y">BK</subfield>
  </datafield>
</record>
